Estudio de prefactibilidad para la rehabilitación de la fábrica de bloques en la Universidad Nacional de Ingeniería para fines académicos e investigativos

La investigación presenta un estudio de factibilidad para la rehabilitación de la Fábrica de Bloques en la Universidad Nacional de Ingeniería para fines académicos e investigativos cuyo propósito es realizar una identificación del proyecto y el análisis de cuatro estudios que permitan evalu...

Full description

Bibliographic Details
Main Authors: Salazar Ortiz, Pedro Aquiles, Cortez Arana, Manuel Salvador, Baltodano Chávez, Luis Manuel
Other Authors: Tutor: Lindo O'Connors, Silvia Isabel
Format: Tesis Section = Libro
Language:Undetermined
Spanish
Published: Managua UNI 2021
Subjects:
LEADER 01315nam a2200289Ia 4500
008 240830s9999 xx 000 0 und d
040 |a BIBLIOTECA-RUPAP/ Mon 658.11 S161 
041 |a spa 
082 |a Mon 658.11 S161 
100 1 |a Salazar Ortiz, Pedro Aquiles 
100 1 |b Cortez Arana, Manuel Salvador 
100 1 |c Baltodano Chávez, Luis Manuel 
245 1 0 |a Estudio de prefactibilidad para la rehabilitación de la fábrica de bloques en la Universidad Nacional de Ingeniería para fines académicos e investigativos 
260 |a Managua  |b UNI  |c 2021 
300 |a 134 p. :il. 
500 |a Contiene: anexos y CD. 
502 |a Tesis (Ingeniero Civil) - UNI, 2021. 
520 3 |a La investigación presenta un estudio de factibilidad para la rehabilitación de la Fábrica de Bloques en la Universidad Nacional de Ingeniería para fines académicos e investigativos cuyo propósito es realizar una identificación del proyecto y el análisis de cuatro estudios que permitan evaluar la viabilidad del proyecto. 
650 7 |a EMPRESAS-PROYECTOS 
650 7 |b  ESTUDIOS DE FACTIBILIDAD 
650 7 |c  ESTUDIO DE MERCADO 
650 7 |d  ESTUDIO FINANCIERO 
650 7 |e  BLOQUES-COMERCIO 
700 1 |a Tutor:  |b Lindo O'Connors, Silvia Isabel 
942 |c BK  |2 ddc 
991 |a TESIS 
999 |c 18968